University Home | Library Home | Institutional Repository

Representation and Development of a South African Identity a case of Zulu Women's Dress/ (Record no. 115454)

MARC details
000 -LEADER
fixed length control field 00717cas a2200181 4500
008 - FIXED-LENGTH DATA ELEMENTS--GENERAL INFORMATION
fixed length control field 100920n eng u
020 ## - INTERNATIONAL STANDARD BOOK NUMBER
International Standard Book Number 9789994455249
035 ## - SYSTEM CONTROL NUMBER
System control number (Sirsi) a171417
050 ## - LIBRARY OF CONGRESS CALL NUMBER
Classification number DT1768.Z95:
Item number MAG 2009
100 1# - MAIN ENTRY--PERSONAL NAME
Personal name Magwaza Thnjiwe
245 ## - TITLE STATEMENT
Title Representation and Development of a South African Identity a case of Zulu Women's Dress/
Statement of responsibility, etc. Thnjiwe Magwaza
260 ## - PUBLICATION, DISTRIBUTION, ETC.
Place of publication, distribution, etc. Addis Ababa:
Name of publisher, distributor, etc. Organisation for Social Science Research in Eastern and Southern Africa,
Date of publication, distribution, etc. 2009
300 ## - PHYSICAL DESCRIPTION
Extent vi,88p.:
Other physical details ill.
504 ## - BIBLIOGRAPHY, ETC. NOTE
Bibliography, etc. note Includes Bibliographical References
650 ## - SUBJECT ADDED ENTRY--TOPICAL TERM
Topical term or geographic name entry element Zulu Women's Dress
650 ## - SUBJECT ADDED ENTRY--TOPICAL TERM
Topical term or geographic name entry element South African Culture
710 ## - ADDED ENTRY--CORPORATE NAME
Corporate name or jurisdiction name as entry element Organisation for Social Science Research in Eastern and Southern Africa
Holdings
Withdrawn status Lost status Source of classification or shelving scheme Damaged status Not for loan Home library Current library Shelving location Cost, normal purchase price Total Checkouts Full call number Barcode Date last seen Copy number Price effective from Koha item type
    Library of Congress Classification     Main Library Main Library Special collections 0.00   DT 1768.Z95 MAG 2009 33729000838271 08/21/2019 1 08/21/2019 Book
    Library of Congress Classification     Main Library Main Library Special collections 0.00   DT 1768.Z95 MAG 2009 33729000838289 08/21/2019 2 08/21/2019 Book
© 2026 - The University of Zambia Library - Koha v25.11